Ekonomické rozhľady vedecký časopis Ekonomickej univerzity v Bratislave = Quarterly journal of the University of Economics Bratislava

Gespeichert in:
Bibliographische Detailangaben
Format: Schriftenreihe
Sprache:Slowakisch
Veröffentlicht: Bratislava Ekonomická univerzita 2000
Schlagworte:
Tags: Tag hinzufügen
Keine Tags, Fügen Sie das erste Tag hinzu!

MARC

LEADER 00000nas2a2200000 4500
001 s124659
005 20221220130748.5
022 |a 0323-262X 
041 0 |a slo 
044 |a SK 
245 1 0 |a Ekonomické rozhľady  |b vedecký časopis Ekonomickej univerzity v Bratislave = Quarterly journal of the University of Economics Bratislava 
264 1 |a Bratislava  |b Ekonomická univerzita  |c 2000 
300 |a 1 zv. 
773 0 |w eu_un_cat*s120044 
610 2 0 |a veda ekonomická 
610 2 0 |a teórie ekonomické 
610 2 0 |a Ekonomická univerzita v Bratislave